000 01307nam a2200313 i 4500
003 EG-GICUC
005 20260121101520.0
008 251217s1979 ua ||||fr|||| 000 0 ara d
040 _a EG-GICUC
_bara
_c EG-GICUC
_d EG-GICUC
_erda
041 0 _aara
082 0 4 _221
_a343.3
_bر ء . م
092 0 4 _221
099 _aLaw1 10 343.3 ر ء . م 13 ed - 1978
100 0 _aرءوف عبيد.
_eمؤلف.
245 1 0 _aمبادئ الإجراءات الجنائية في القانون المصري /
_cرءوف عبيد.
250 _aطبعة الثالثة عشر.
_bمزيدة ومنقحة وفق اخر التعديلات واحدث الاحكام
264 3 _aالقاهرة :
_bدار الجيل للطباعة،
_c1979.
300 _a890 صفحة ؛
_c24 سم.
336 _2rda content
_atext
337 _2rda media
_aComputer
338 _2rda carrier
_aOnline Resource
504 _aيحتوي على ارجاعات ببليوجرافية يحتوي على مراجع
546 _aالنص أغلبه باللغة العربية مع بعض النصوص الفرنسية
650 1 4 _aقانون الإجراءات الجنائية
_zمصر
651 1 _2qrmak
856 4 0 _uhttps://fll.law.cu.edu.eg/fulltext/bks/B10-05416.pdf
905 _a75
_eHassnaa
942 _2ddc
_cBK
_e21
_n0
999 _c51382
_d51382